| 000 | 01250cam a2200253 4500 | ||
|---|---|---|---|
| 001 | ABS66020 | ||
| 008 | 021025n2002 000 0 eng u | ||
| 035 | _a(Sirsi) u120254 | ||
| 100 | _aPickard, R. | ||
| 245 | _aConservation finance 2: area-based initiatives and the role of foundations, funds and non-profit agencies | ||
| 260 | _c2002 | ||
| 490 |
_aStructural Survey _v20(4) 2002, 112-116(5) |
||
| 520 | _aThis paper develops the issue of funding from a first paper "Conservation finance 1: support for historic buildings"...further consideration is given to other avenues for raising finance in support of the built heritage from public and also other sources as a part of the process of developing integrated conservation strategies...Taken together, the two papers examine different approaches to funding the built heritage by reference to practice in western Europe and North America. (TAKEN FROM JOURNAL HEADNOTE) | ||
| 590 | _aABS | ||
| 650 | _aREHABILITATION | ||
| 650 | _aCONSERVATION | ||
| 650 | _aGRANTS | ||
| 650 | _aPROJECT FINANCE | ||
| 650 | _aEUROPE | ||
| 650 | _aUNITED STATES | ||
| 690 | _aBUILT ENVIRONMENT-BUILDING MAINTENANCE AND REFURBISHMENT-BUILDING CONSERVATION | ||
| 700 | _aPickerill, T. | ||
| 942 | _n0 | ||
| 999 |
_c71441 _d71441 |
||